000 00821nam a22002297a 4500
999 _c17922
_d17922
003 AR-CdUCM
008 190510b ||||| |||| 00| 0 spa d
040 _aMUNICIPALIDAD PROVINCIAL DEL CUSCO
_cBIBLIOTECA MUNICIPAL DEL CUSCO
082 _a658.14 /
_bE96
100 _aEvans, Edwar C. D.
_938173
245 _aRetorno del capital invertido y planificación del beneficio /
260 _aBarcelona :
_bSagitario, S. A,
_c1964.
300 _a118 páginas ;
_c19 cm.
440 _aColección empresa actual
_n13
_938174
505 _aContenido : Introducción -- Beneficio y capital -- Criterios de medición ...
650 _aMedición
_98633
650 _aCapital
_95056
650 _aBeneficio
_938175
700 _aRovira Sánchez, Pedro (Traducción)
_938176
942 _2ddc
_cLIBROS
945 _arah
_d10/05/2019